[Event "Dresden op"]
[Site "Dresden"]
[Date "1998.08.17"]
[Round "2"]
[White "Gipslis, Aivars"]
[Black "Bierbach, Utz Friedrich"]
[Result "1-0"]
[WhiteElo "2450"]
[BlackElo "2095"]

1.e4 c5 2.Nf3 Nc6 3.Nc3 e6 4.Bb5 Nge7 5.O-O a6 6.Bxc6 Nxc6 7.d4 cxd4 8.Nxd4 Be7
9.Nxc6 bxc6 10.e5 O-O 11.Ne4 Qa5 12.Bf4 f6 13.exf6 Bxf6 14.Bd6 Rf7 15.c4 Qf5
16.Qe2 a5 17.Rad1 a4 18.Rd3 Ra5 19.Bc7 Re5  1-0

[Event "ESP-ch"]
[Site "Linares"]
[Date "1998.08.19"]
[Round "8"]
[White "Rodriguez Guerrero, Enrique"]
[Black "Cardenas Valero, Joaquin"]
[Result "1/2-1/2"]
[WhiteElo "2100"]
[BlackElo "2250"]

1.e4 c5 2.Nf3 Nc6 3.Nc3 g6 4.d4 cxd4 5.Nxd4 Bg7 6.Be3 d6 7.Bc4 Nf6 8.f3 O-O
9.Qd2 Bd7 10.O-O-O a6 11.h4 h5 12.Bb3 Ne5 13.Bh6 b5 14.g4 hxg4 15.h5 Nc4
16.Bxc4 bxc4 17.hxg6 fxg6 18.e5 dxe5 19.Bxg7 Kxg7 20.Ne6+ Bxe6 21.Qh6+ Kf7
22.Rxd8 Raxd8 23.Qe3 Rh8 24.Re1 Rh5 25.fxg4 Nxg4 26.Qf3+ Bf5 27.Qc6 Rd4 28.Ne2 Re4
29.Rf1 Re3 30.Qxc4+ Kg7 31.Qxa6 Rh2 32.Re1 Nf6 33.Kd2 Ne4+ 34.Kxe3 Rh3+ 35.Ng3 Rxg3+
36.Ke2 Bg4+ 37.Kf1  1/2-1/2

[Event "GER-ENG (Women)"]
[Site "Dresden"]
[Date "1998.08.20"]
[Round "5"]
[White "Lalic, Susan"]
[Black "Koglin, Anke"]
[Result "1/2-1/2"]
[WhiteElo "2350"]
[BlackElo "2270"]

1.e4 c5 2.Nc3 Nc6 3.Bb5 Nd4 4.Bc4 e6 5.Nf3 Ne7 6.O-O Nec6 7.Nxd4 cxd4 8.Ne2 Be7
9.d3 O-O 10.a3 Bf6 11.Ng3 g6 12.f4 d5 13.exd5 exd5 14.Bb3 Ne7 15.f5 Nxf5
16.Nxf5 Bxf5 17.Qf3 Bg7 18.Bxd5 Rc8 19.Bb3 b6  1/2-1/2

[Event "Wch (Men) U26"]
[Site "Rotterdam"]
[Date "1998.08.20"]
[Round "9"]
[White "Teran Alvarez, Ismael"]
[Black "Tzermiadianos, Andreas"]
[Result "1-0"]
[WhiteElo "2305"]
[BlackElo "2465"]

1.e4 c5 2.Nf3 Nc6 3.Nc3 e5 4.Bc4 d6 5.d3 h6 6.O-O g5 7.Nd5 Bg7 8.c3 Nge7
9.Ne1 Nxd5 10.exd5 Ne7 11.d4 exd4 12.cxd4 Bxd4 13.Kh1 Ng6 14.f4 gxf4 15.Nd3 Be5
16.Nxf4 Rg8 17.Nxg6 Rxg6 18.Bf4 Bg4 19.Bb5+ Kf8 20.Qc2 Kg7 21.Bd3 Rf6 22.Bxe5 dxe5
23.Qxc5 Bh5 24.Rxf6 Qxf6 25.Rf1 Qg5 26.d6 b6 27.Qd5 Rd8 28.h3 Qe3 29.Bc4 b5
30.Rxf7+ Kh8 31.Qe6 Qg5 32.Rf5 Bg4 33.Qxe5+ Qg7 34.Qxg7+ Kxg7 35.Rxb5 Bd1
36.Rd5 Bc2 37.Kh2 Be4 38.Re5 Bg6 39.Re7+ Kf6 40.Re6+  1-0

[Event "GER-ENG (Women)"]
[Site "Dresden"]
[Date "1998.08.22"]
[Round "7"]
[White "Lalic, Susan"]
[Black "Weng, Annegret"]
[Result "1-0"]
[WhiteElo "2350"]
[BlackElo "2175"]

1.e4 c5 2.Nc3 Nc6 3.Bb5 g6 4.Bxc6 dxc6 5.d3 Bg7 6.f4 Nf6 7.Nf3 Qb6 8.a4 a5
9.Ne5 Be6 10.Bd2 Rd8 11.b3 Nd7 12.Nc4 Bxc4 13.bxc4 Nf8 14.Rb1 Qc7 15.O-O Ne6
16.Ne2 Nd4 17.Nxd4 Bxd4+ 18.Kh1 Bg7 19.Rb3 Rd7 20.Qe1 O-O 21.Bxa5 Qd6 22.e5 Qe6
23.Bc3 Ra8 24.a5 f6 25.Qe3 Qf5 26.e6 Rc7 27.Rfb1 Bh6 28.Bd2 g5 29.fxg5 fxg5
30.Qe4 Qf2 31.Be3 Qe2 32.Bxc5 Qxc2 33.Qe5 Rxa5 34.Qxc7 Qxb3 35.Rxb3  1-0

[Event "Schwarzach opB"]
[Site "Schwarzach"]
[Date "1998.08.22"]
[Round "1"]
[White "Fersterer, Katharina"]
[Black "Aigner, Matthias"]
[Result "0-1"]
[WhiteElo "1612"]
[BlackElo "1847"]

1.e4 c5 2.Nf3 Nc6 3.Nc3 d6 4.d4 cxd4 5.Nxd4 Nf6 6.Bb5 Bd7 7.O-O g6 8.Bf4 e5
9.Nxc6 bxc6 10.Bxc6 Bxc6 11.Bg5 h6 12.Be3 Nxe4 13.Qd3 Nxc3 14.Qxc3 Rc8 15.Qb3 Qc7
16.Qa3 a5 17.Rfe1 Bg7 18.Bf4 O-O 19.Bg3 Qb7 20.f3 Qb4 21.Qxb4 axb4 22.Rad1 Rfd8
23.c3 bxc3 24.bxc3 f6 25.f4 e4 26.f5 gxf5 27.Bxd6 Rd7 28.Bf4 Rcd8 29.Rxd7 Rxd7
30.Ra1 Ba4 31.c4 Bf8 32.Be3 Rd1+ 33.Rxd1 Bxd1 34.c5 Ba4 35.Bd4 Kf7 36.Kf2 f4
37.h3 Ke6 38.g3 f3 39.g4 Kd5 40.Bxf6 Bxc5+ 41.Kf1 Bb5+ 42.Ke1 f2+ 43.Kd1 f1=Q+  0-1

[Event "Hampstead GM3"]
[Site "Hampstead"]
[Date "1998.08.23"]
[Round "13"]
[White "Plaskett, Jim"]
[Black "Gormally, Daniel"]
[Result "1-0"]
[WhiteElo "2455"]
[BlackElo "2400"]

1.e4 c5 2.Nc3 Nc6 3.Nf3 g6 4.d4 cxd4 5.Nxd4 Bg7 6.Be3 Nf6 7.Bc4 Qb6 8.Bb3 Nxe4
9.Nxc6 Qxc6 10.Nd5 e6 11.Bd4 f6 12.Qe2 exd5 13.f3 Qe6 14.fxe4 Qxe4 15.Bxd5 Qxe2+
16.Kxe2 d6 17.Rhf1 Bf5 18.Bxb7 Rb8 19.Bc6+ Kf7 20.Bd5+ Be6 21.Bxe6+ Kxe6
22.Kd3 a6 23.g4 Rb5 24.h4 h5 25.g5 Rf5 26.Rxf5 gxf5 27.Rg1 Kf7 28.g6+ Ke6
29.c4 a5 30.Re1+ Kd7 31.Rf1 Ke6 32.Re1+ Kd7 33.b3 Rb8 34.Bc3 a4 35.bxa4 Ra8
36.a5 f4 37.Rf1 Bh6 38.Rg1 Bg7 39.Rf1 Bh6 40.Bxf6 Rxa5 41.Rg1 Ra3+ 42.Ke4 Re3+
43.Kf5 f3 44.Bd4 Re7 45.Rf1 d5 46.cxd5 Kd6 47.Rxf3 Kxd5 48.Bf6 Re2 49.Rd3+ Kc4
50.Rd8 Rg2 51.Rh8  1-0

[Event "POL-chTJ"]
[Site "Rowy"]
[Date "1998.08.23"]
[Round "4"]
[White "Glazik, Malgorzata"]
[Black "Zawadzka, Magdalena"]
[Result "1-0"]
[WhiteElo "2130"]
[BlackElo "2140"]

1.e4 c5 2.Nc3 Nc6 3.Nge2 g6 4.d4 cxd4 5.Nxd4 Bg7 6.Be3 Nf6 7.h3 O-O 8.Nde2 Qa5
9.Qd2 Rd8 10.f4 d6 11.g4 e5 12.Bg2 exf4 13.Bxf4 Ne5 14.Bg5 Re8 15.O-O Nfd7
16.Qd5 Qb6+ 17.Kh1 Nc5 18.Qd2 Be6 19.Nf4 Qc6 20.Nfd5 Kh8 21.Bf6 Ncd7 22.Bxg7+ Kxg7
23.Rad1 Rad8 24.Nb4 Qc5 25.Ncd5 Rc8 26.c3 Nc4 27.Qc1 Bxd5 28.Nxd5 Nce5 29.Qf4 Re6
30.h4 Nb6 31.Bh3 Nxd5 32.Rxd5 Qc7 33.g5 Rce8 34.Bxe6 Rxe6 35.Qd2 Kf8 36.Rf6 Rxf6
37.gxf6 Qc4 38.Rxe5 Qf1+ 39.Kh2 Qxf6 40.Qh6+  1-0

[Event "POL-chTJ"]
[Site "Rowy"]
[Date "1998.08.25"]
[Round "6"]
[White "Blehm, Pawel"]
[Black "Stefanek, Piotr"]
[Result "1-0"]
[WhiteElo "2420"]
[BlackElo "2215"]

1.e4 c5 2.Nf3 Nc6 3.Nc3 e5 4.Bc4 Be7 5.d3 d6 6.Nd2 Bg5 7.Qh5 g6 8.Qd1 Nd4
9.Nf1 Bxc1 10.Qxc1 Be6 11.a3 a6 12.Nd5 b5 13.Ba2 Ra7 14.Nfe3 Nf6 15.c3 Bxd5
16.Nxd5 Nxd5 17.Bxd5 Ne6 18.g3 Qf6 19.Qe3 Rc7 20.O-O Qg5 21.Qxg5 Nxg5 22.f4 Ne6
23.f5 Ng7 24.fxg6 fxg6 25.Rf6 Ke7 26.Raf1 Ne8 27.R6f3 Kd8 28.Rf7 h5 29.Kg2 h4
30.Rxc7 Nxc7 31.Rf6 Ke7 32.Rxg6 Nxd5 33.exd5 hxg3 34.hxg3 b4 35.Rg7+ Kf6
36.Rd7 bxa3 37.bxa3 Rb8 38.Rxd6+ Kf5 39.Kf3 Rb3 40.Rxa6 Rxc3 41.g4+ Kg5 42.Ke4 Kxg4
43.d6  1-0

[Event "RUS-Cup final"]
[Site "Samara"]
[Date "1998.09.07"]
[Round "9"]
[White "Balashov, Yuri S"]
[Black "Yakovich, Yuri"]
[Result "1/2-1/2"]
[WhiteElo "2580"]
[BlackElo "2560"]

1.e4 c5 2.Nc3 Nc6 3.Nf3 g6 4.d4 cxd4 5.Nxd4 Bg7 6.Be3 Nf6 7.Bc4 O-O 8.Bb3 a5
9.f3 d5 10.Bxd5 Nxd5 11.exd5 Nb4 12.Nde2 Bf5 13.Rc1 b5 14.a3 Nxc2+  1/2-1/2

[Event "Karl Wagner mem 5th"]
[Site "Graz"]
[Date "1998.09.10"]
[Round "6.17"]
[White "Lendwai, Reinhard"]
[Black "Wegerer, Fred"]
[Result "1/2-1/2"]
[WhiteElo "2375"]
[BlackElo "2215"]

1.e4 c5 2.Ne2 Nc6 3.Nbc3 e6 4.g3 Rb8 5.Bg2 b5 6.d4 b4 7.Na4 cxd4 8.Nxd4 Qa5
9.b3 Ba6 10.Be3 Nge7 11.Ne2 Ng6 12.f4 Be7 13.O-O O-O 14.Qd2 Rfd8 15.Rf2 d5
16.exd5 Bf6 17.Nd4 Nce7 18.Rd1 Nxd5 19.Qe1 Nxe3 20.Qxe3 Ne7 21.Be4 Nf5 22.Bxf5 exf5
23.Rfd2 Bb7 24.Nf3 Rxd2 25.Rxd2 Rd8 26.Ne5 Rd5 27.Nd7 Qd8 28.Rxd5 Bxd5 29.Nxf6+ gxf6
30.Qd4 Qe7 31.Kf2 Ba8 32.Nc5 Kg7 33.Qxb4 Qd6 34.Qc3 Qd5 35.Ke3 Qg2 36.Qe1 Qxc2
37.b4 Qxa2 38.h4 Qa3+ 39.Kd4 a5 40.bxa5 Be4 41.Nxe4 fxe4 42.Qxe4 Qxa5 43.Qf3 Qb4+
44.Ke3 Qc3+ 45.Kf2 Qd4+ 46.Kg2 f5 47.Qh5 Qd2+ 48.Kh3 Qd3 49.Qg5+ Kf8 50.Qh6+ Ke7
51.h5 Qf3 52.Kh2 Qf2+ 53.Kh3 Qf3 54.Kh2  1/2-1/2

[Event "CRO-chT"]
[Site "Porec"]
[Date "1998.09.15"]
[Round "9"]
[White "Jovanovic, Zoran2"]
[Black "Jankovic, Branimir"]
[Result "1-0"]
[WhiteElo "2285"]
[BlackElo "2205"]

1.e4 c5 2.Nf3 Nc6 3.Nc3 d6 4.d4 cxd4 5.Nxd4 Nf6 6.Be3 e5 7.Nf3 Be7 8.Bc4 O-O
9.O-O h6 10.Qe2 Na5 11.Bb3 Nxb3 12.axb3 a6 13.Nd2 d5 14.exd5 Nxd5 15.Nxd5 Qxd5
16.Nc4 Qe4 17.f3 Qf5 18.Bf2 f6 19.Nb6 Rb8 20.f4 Bd8 21.fxe5 Qxe5 22.Qxe5 fxe5
23.Nc4 Bc7 24.Ba7 Rxf1+ 25.Rxf1 Ra8 26.Bb6 Bxb6+ 27.Nxb6 Rb8 28.Nc4 Be6 29.Nxe5 Rd8
30.h3 Rd2 31.Rf2 Rd1+ 32.Kh2 Rb1 33.Nd3 Rd1 34.b4 Bd5 35.Kg3 Rg1 36.Nf4 Bc6
37.Ne6 Bd5 38.Nd4 Rd1 39.Nf5 Be4 40.Ne7+ Kh7 41.Re2 Rd4 42.c3 Rc4 43.Re3 Bb1
44.Nd5 Re4 45.Kf3 Rxe3+ 46.Nxe3 g5 47.h4 Kg6 48.hxg5 Kxg5 49.g3 h5 50.Nd1 Kf5
51.Nf2 Ke5 52.Ke3 Bc2 53.Nd3+ Bxd3 54.Kxd3 Kf5 55.Ke3 Kg4 56.Kf2 Kf5 57.Kg2 Kg4
58.Kh2 h4 59.gxh4 Kxh4 60.Kg2 Kg4 61.Kf2 Kf4 62.Ke2 Ke4 63.Kd2 Ke5 64.Ke3 Kd5
65.Kd3 Ke5 66.Kc4 b6 67.Kd3 Kd5 68.c4+ Ke5 69.Ke3 Ke6 70.Ke4 Kd6 71.Kd4 Kc6
72.Ke5 Kd7 73.Kd5 Ke7 74.c5 b5 75.c6  1-0

[Event "Szeged TT09 IM"]
[Site "Szeged"]
[Date "1998.09.18"]
[Round "2"]
[White "Ciolac, Gheorghe"]
[Black "Nagy Dani, Karoly"]
[Result "1-0"]
[WhiteElo "2375"]
[BlackElo "2050"]

1.e4 c5 2.Ne2 Nc6 3.Nbc3 g6 4.d4 cxd4 5.Nxd4 Bg7 6.Nde2 Nf6 7.g3 d6 8.Bg2 Bg4
9.h3 Bd7 10.O-O O-O 11.a4 a6 12.Nd5 Nxd5 13.exd5 Ne5 14.Ra2 b5 15.a5 Nc4
16.Qe1 b4 17.Qxb4 Bb5 18.b3 Ne5 19.Qd2 Bxe2 20.Qxe2 Nd7 21.Bd2 Nf6 22.Ra4 Qd7
23.Re1 Rfe8 24.Rc4 e6 25.dxe6 Rxe6 26.Qd3 Rxe1+ 27.Bxe1 Rd8 28.Rc6 Qe6 29.Bb4 Bf8
30.Rxa6 Ne8 31.Rc6 Qd7 32.Rb6 d5 33.Bxf8 Kxf8 34.Qd4 Kg8 35.c4 dxc4 36.Qxd7 Rxd7
37.Rb8 Re7 38.bxc4 Kg7 39.a6 Nd6 40.c5 Nc4 41.Rb7 Re1+ 42.Kh2 Ra1  1-0

[Event "Elista ol (Men)"]
[Site "Elista"]
[Date "1998.10.01"]
[Round "3"]
[White "Heidenfeld, Mark"]
[Black "Tsedenov, Sanal"]
[Result "1-0"]
[WhiteElo "2335"]
[BlackElo "2100"]

1.e4 c5 2.Nf3 Nc6 3.Nc3 e5 4.Bc4 Be7 5.O-O d6 6.h3 Nf6 7.d3 O-O 8.Nh2 Nd7
9.Nd5 Nd4 10.f4 b5 11.Nxe7+ Qxe7 12.Bd5 Rb8 13.c3 Ne6 14.f5 Nc7 15.Bb3 Kh8
16.Qh5 d5 17.exd5 c4 18.dxc4 bxc4 19.Bc2 Qc5+ 20.Kh1 Nxd5 21.Qh4 N5f6 22.Nf3 Bb7
23.Qe1 a5 24.b4 Qc7 25.a3 Rfe8 26.Be3 Ra8 27.Bg1 Nd5 28.Bh2 f6 29.Ba4 Red8
30.Bc2 Re8 31.Qd2 N7b6 32.Nd4 Qe7 33.Ne6 Bc6 34.Be4 axb4 35.axb4 Nxb4 36.Bxc6 Nxc6
37.Rab1 Nc8 38.Qd5 N8a7 39.Bg1 g6 40.Bxa7 Nxa7 41.Rb7  1-0

[Event "Elista ol (Men)"]
[Site "Elista"]
[Date "1998.10.01"]
[Round "3"]
[White "Sosa, Luis"]
[Black "Mallahi, Amir"]
[Result "1-0"]
[WhiteElo "2225"]
[BlackElo "2370"]

1.e4 c5 2.Nc3 Nc6 3.Nf3 Nf6 4.e5 Ng4 5.Qe2 d6 6.exd6 Qxd6 7.d4 cxd4 8.Nb5 Qd8
9.Bf4 e5 10.O-O-O Be7 11.h3 exf4 12.hxg4 Bxg4 13.Qe4 Qd7 14.Nbxd4 O-O-O 15.Bb5 f5
16.Qxf4 Bd6 17.Qd2 Bxf3 18.Nxf3 Qc7 19.Qc3 Nb4 20.Qb3 Qc5 21.Qc4 a6 22.Rxd6 Nxa2+
23.Kb1 Qxc4 24.Rxd8+ Kxd8 25.Bxc4  1-0

[Event "Elista ol (Men)"]
[Site "Elista"]
[Date "1998.10.02"]
[Round "4"]
[White "Ivanchuk, Vassily"]
[Black "Ljubojevic, Ljubomir"]
[Result "1/2-1/2"]
[WhiteElo "2730"]
[BlackElo "2550"]

1.e4 c5 2.Nc3 Nc6 3.Nf3 e5 4.Bc4 d6 5.d3 h6 6.a3 a6 7.Nd5 b5 8.Ba2 Be6 9.b4 Nf6
10.c3 g6 11.Nd2 Bg7 12.Qf3 Nd7 13.Nf1 O-O 14.Nfe3 a5 15.bxc5 Nxc5 16.Qd1 f5
17.Rb1 Rb8 18.O-O f4 19.Nc2 Ne7 20.c4 Nxd5 21.cxd5 Bd7 22.f3 Qb6 23.Rf2 Rfc8
24.Kf1 Qa6 25.Kg1 b4 26.Bc4 Bb5 27.axb4 Nxd3 28.Bxd3 Bxd3 29.Rb3 Bxc2 30.Rxc2 Rxb4
31.Rxc8+ Qxc8 32.Ba3 Rxb3 33.Qxb3 Bf8 34.h3 Qc7 35.Qb5 Kf7 36.Qa6  1/2-1/2

[Event "Elista ol (Men)"]
[Site "Elista"]
[Date "1998.10.02"]
[Round "4"]
[White "Macieja, Bartlomiej"]
[Black "Kolev, Atanas"]
[Result "1/2-1/2"]
[WhiteElo "2490"]
[BlackElo "2550"]

1.e4 c5 2.Nc3 Nc6 3.Nf3 g6 4.d4 cxd4 5.Nxd4 Bg7 6.Be3 Nf6 7.Bc4 Qa5 8.O-O O-O
9.Nb3 Qc7 10.Bg5 a6 11.Bxf6 Bxf6 12.Nd5 Qe5 13.Nxf6+ exf6 14.c3 Qxe4 15.Bd5 Qe7
16.Re1 Qd8 17.Qd2 f5 18.Rad1 Qf6 19.Qf4 Kg7 20.a4 g5 21.Qc7 Qd8 22.Qd6 Qf6
23.Qc7 Qd8 24.Qd6 Qf6 25.Qa3 Rb8 26.f4 gxf4 27.Nd4 Nxd4 28.Rxd4 b5 29.axb5 Rxb5
30.Re2 d6 31.Bf3 Rd8 32.Re1 Be6 33.Rxf4 a5 34.Rd4 Rb3 35.Qa1 Rdb8 36.Qxa5 Rxb2
37.Rxd6 Rc2 38.Rc6 Rbb2 39.Qc5 Rd2 40.Qe3 f4 41.Qc5 Qg6 42.Qe5+ Kg8 43.Qe4 Qxe4
44.Bxe4 Bg4 45.Rc5 f3 46.Bxf3 Bxf3 47.Rg5+ Kf8 48.gxf3 Rxh2 49.Rb1 Rbc2 50.Rc1 Rxc1+
51.Kxh2 Rxc3 52.Kg3 Rc6 53.Ra5 Kg7 54.f4 Rg6+ 55.Kf3 h6 56.Rb5 Rg1 57.Kf2 Rc1
58.Kg3 Rg1+ 59.Kf2 Ra1 60.Kg3 Kg6 61.Rb6+ f6 62.Rb5 h5 63.Rc5 Ra3+ 64.Kg2 h4
65.Rb5 Rg3+ 66.Kf2 Ra3 67.Kg2 h3+ 68.Kh2 Rf3 69.Ra5 Rxf4 70.Kxh3 Rf5 71.Ra4 Rg5
72.Rg4 Kf5 73.Rxg5+ Kxg5 74.Kg3 Kf5 75.Kf3 Ke5  1/2-1/2

[Event "Budapest FS10 IM-A"]
[Site "Budapest"]
[Date "1998.10.03"]
[Round "1"]
[White "Brustkern, Juergen"]
[Black "Dembo, Yelena"]
[Result "1-0"]
[WhiteElo "2255"]
[BlackElo "2165"]

1.e4 c5 2.Nc3 Nc6 3.Nge2 d6 4.d4 cxd4 5.Nxd4 Nf6 6.Bc4 e6 7.Be3 Be7 8.Qe2 O-O
9.O-O-O a6 10.Bb3 Bd7 11.Rhg1 Na5 12.g4 Nxb3+ 13.axb3 Rc8 14.g5 Ne8 15.f4 Qa5
16.Kb1 Nc7 17.f5 g6 18.f6 Bd8 19.Qf2 Ne8 20.Nf3 Qc7 21.Bf4 Bc6 22.e5 Bxf3
23.Qxf3 dxe5 24.Bg3 Qa5 25.Qxb7 Qc5 26.Rge1 Qc7 27.Qxa6 Qb8 28.Rxe5 Nc7 29.Qa4 Qb7
30.Qe4 Qa7 31.Qd4 Qb7 32.Qd7 Ra8 33.Re4 Qb6 34.Ra4  1-0

[Event "Elista ol (Men)"]
[Site "Elista"]
[Date "1998.10.03"]
[Round "5"]
[White "Hossain, Enamul"]
[Black "Grivas, Efstratios"]
[Result "0-1"]
[WhiteElo "2335"]
[BlackElo "2520"]

1.e4 c5 2.Nf3 Nc6 3.Nc3 e5 4.Bc4 Be7 5.d3 d6 6.Nd2 Nf6 7.h3 Be6 8.Nf1 d5
9.exd5 Nxd5 10.Nxd5 Bxd5 11.Ne3 Bxc4 12.Nxc4 O-O 13.a4 Qd5 14.O-O Rad8 15.Qe1 Nd4
16.Ne3 Qe6 17.Bd2 Bg5 18.Rc1 e4 19.dxe4 Qxe4 20.f3 Qe5 21.Qf2 Ne2+  0-1

[Event "Elista ol (Men)"]
[Site "Elista"]
[Date "1998.10.04"]
[Round "6"]
[White "Alzate, Dario"]
[Black "Makarov, Marat"]
[Result "0-1"]
[WhiteElo "2390"]
[BlackElo "2530"]

1.e4 c5 2.Nf3 Nc6 3.Nc3 d6 4.d4 cxd4 5.Nxd4 Nf6 6.Bc4 Qb6 7.Nb3 e6 8.a4 Be7
9.O-O O-O 10.Be2 Qc7 11.f4 b6 12.Bf3 a6 13.Qe2 Rb8 14.Kh1 Re8 15.Qc4 Bb7
16.Nd5 exd5 17.exd5 b5 18.axb5 axb5 19.Qc3 Nxd5 20.Bxd5 Bf6 21.Qf3 Nb4 22.Bxb7 Qxb7
23.Qd1 Qe4 24.c3 Nd3 25.Qc2 Qe2 26.Bd2 Ra8 27.Qb1 Ra4 28.Rf3 Rxa1 29.Qxa1 Nxb2
30.Re3 Rxe3 31.Bxe3 h5 32.Bg1 Nd3 33.Qa6 Nxf4 34.Qc8+ Kh7 35.Qf5+ Ng6 36.Nd4 Bxd4
37.Bxd4 f6 38.h3 Kh6 39.Bf2 Qe5 40.Qd3 f5 41.Bd4 Qe4 42.Be3+  0-1

[Event "Elista ol (Men)"]
[Site "Elista"]
[Date "1998.10.05"]
[Round "7"]
[White "Mitkov, Nikola"]
[Black "Fernandes, Antonio"]
[Result "1-0"]
[WhiteElo "2515"]
[BlackElo "2480"]

1.e4 c5 2.Nc3 Nc6 3.Nf3 g6 4.d4 cxd4 5.Nxd4 Bg7 6.Be3 Nf6 7.Bc4 O-O 8.Bb3 a5
9.f3 d5 10.Bxd5 Nxd5 11.Nxd5 f5 12.Nxc6 bxc6 13.Nb6 Rb8 14.Qxd8 Rxd8 15.Rd1 Rxd1+
16.Kxd1 Bxb2 17.Nxc8 Rxc8 18.exf5 gxf5 19.Ke2 Ba3 20.Rb1 Bb4 21.Kd3 Kf7 22.Kc4 Rg8
23.g3 Rg6 24.Bc5 Bxc5 25.Kxc5 Rh6 26.Rh1 f4 27.gxf4 Rf6 28.c4 Rxf4 29.a4 e5
30.Rc1 Rxf3 31.Kxc6 Ke6 32.c5 e4 33.Kc7 Rb3 34.c6 e3 35.Re1 h5 36.Kc8 Kd5
37.c7 Ke4 38.Rc1 e2 39.Kd8 Rd3+ 40.Ke7 Rd1 41.c8=Q e1=Q 42.Qe6+  1-0

[Event "Budapest FS10 IM-A"]
[Site "Budapest"]
[Date "1998.10.06"]
[Round "4"]
[White "Dembo, Yelena"]
[Black "Hera, Imre Jr"]
[Result "1-0"]
[WhiteElo "2165"]
[BlackElo "2345"]

1.e4 c5 2.Nf3 Nc6 3.Nc3 e5 4.Bc4 Be7 5.d3 Nf6 6.Nd2 O-O 7.Nf1 d6 8.Ne3 Nd4
9.O-O Be6 10.a4 a6 11.Ncd5 Nxd5 12.Bxd5 Bxd5 13.Nxd5 Bg5 14.f4 exf4 15.Bxf4 Bxf4
16.Rxf4 Qg5 17.c3 Ne6 18.Rf5 Qh6 19.Rh5  1-0

[Event "Pinneberg op"]
[Site "Pinneberg"]
[Date "1998.10.08"]
[Round "7"]
[White "Bokelbrink, Uwe"]
[Black "Michna, Christian"]
[Result "1-0"]
[WhiteElo "2265"]
[BlackElo "2210"]

1.e4 c5 2.Nc3 Nc6 3.Nge2 Nd4 4.d3 g6 5.Nxd4 cxd4 6.Nd5 e6 7.Nf4 Bg7 8.g3 Ne7
9.Bg2 O-O 10.O-O b5 11.Bd2 Bb7 12.a4 a6 13.axb5 axb5 14.Bb4 Re8 15.Qd2 Nc6
16.Rxa8 Qxa8 17.Bd6 Qa6 18.Re1 Ra8 19.h4 Qa2 20.b3 Qb2 21.e5 Ra2 22.Rc1 Na5
23.Bxb7 Nxb3 24.cxb3 Qxd2 25.Rc8+ Bf8 26.Nh3 Qh6 27.Ng5 Rb2 28.b4 Rb3 29.Ne4 f5
30.exf6 Rc3 31.Rd8 Qc1+ 32.Kg2 h6 33.Rxf8+ Kh7 34.Rf7+ Kh8 35.Rxd7  1-0

[Event "NRW Sportland Cup Masters"]
[Site "Senden"]
[Date "1998.10.09"]
[Round "2"]
[White "Guenther, Lars"]
[Black "Handke, Florian"]
[Result "0-1"]
[WhiteElo "2130"]
[BlackElo "2310"]

1.e4 c5 2.Nc3 Nc6 3.Bb5 Nd4 4.a4 e6 5.Nf3 Ne7 6.O-O a6 7.Bd3 Nec6 8.Nxd4 cxd4
9.Ne2 d5 10.exd5 Qxd5 11.Ng3 Be7 12.Qe2 O-O 13.c4 Qd8 14.f4 f5 15.Bc2 d3
16.Bxd3 Nd4 17.Qd1 Bd7 18.Kh1 Bc6 19.b4 Bxb4 20.Ba3 a5 21.Ne2 Nf3 22.Bxf5 Rxf5
23.gxf3 Qd3 24.Nc3 Rxf4  0-1

[Event "Elista ol (Men)"]
[Site "Elista"]
[Date "1998.10.10"]
[Round "11"]
[White "Sousa, Armindo"]
[Black "Al Sayed, Mahamad Naser"]
[Result "1-0"]
[WhiteElo "2220"]
[BlackElo "2090"]

1.e4 c5 2.Nf3 Nc6 3.Nc3 e5 4.Bc4 Be7 5.O-O d6 6.Nd5 Nf6 7.Nxe7 Nxe7 8.d3 Ng6
9.c3 O-O 10.Re1 Bg4 11.h3 Bh5 12.d4 Nh4 13.Be2 Nxe4 14.dxe5 d5 15.Nxh4 Qxh4
16.Be3 Bxe2 17.Rxe2 Rfd8 18.f3 Ng3 19.Rd2 d4 20.cxd4 cxd4 21.Bf2 Qf4 22.Bxg3 Qxg3
23.Rxd4 Re8 24.f4 Qe3+ 25.Kh1 Rac8 26.Qd2 Qg3 27.Rf1 h6 28.Rd7 Qg6 29.Qd5 Qf5
30.g4 Qg6 31.Rxb7 Red8 32.f5 Rxd5 33.fxg6 fxg6 34.Rf2 a5 35.Re2 Rcc5 36.Rb8+ Kh7
37.Re8 g5 38.Kg2 Kg6 39.e6 Re5 40.Kf3 Rxe2 41.Kxe2 Rc2+ 42.Kd3 Rxb2 43.Rf8 Rb7
44.Kd4 Kh7 45.Ke5  1-0

[Event "Elista ol (Men)"]
[Site "Elista"]
[Date "1998.10.10"]
[Round "11"]
[White "Garcia, Gildardo"]
[Black "Kozul, Zdenko"]
[Result "0-1"]
[WhiteElo "2510"]
[BlackElo "2570"]

1.e4 c5 2.Nf3 Nc6 3.Nc3 d6 4.d4 cxd4 5.Nxd4 Nf6 6.Bg5 e6 7.Qd2 a6 8.O-O-O Bd7
9.f4 b5 10.Bxf6 gxf6 11.Nxc6 Bxc6 12.Qe1 Ra7 13.Bd3 Qb6 14.Kb1 Qc5 15.Qh4 Be7
16.Qh6 a5 17.Rhe1 a4 18.a3 b4 19.axb4 Qxb4 20.Na2 Qc5 21.f5 a3 22.b3 Qe5
23.Qc1 Kd7 24.Bc4 Rb8 25.Rd3 Bxe4 26.fxe6+ fxe6 27.Bxe6+ Qxe6 28.Qe3 Ra4
29.Kc1 f5 30.g4 Qg8 31.h4 Bxh4 32.Rxd6+ Kxd6 33.Qh6+ Kc7 34.Qxh4 Qg7 35.Qg3+ Kc8
36.Nc3 a2 37.Kb2 Rb7 38.Ra1 Ra6 39.Qe3 Rc7 40.gxf5 Qxc3+ 41.Qxc3 Rxc3 42.Kxc3 Bxf5  0-1

[Event "Elista ol (Men)"]
[Site "Elista"]
[Date "1998.10.10"]
[Round "11"]
[White "Mallahi, Amir"]
[Black "Mossong, Hubert"]
[Result "1/2-1/2"]
[WhiteElo "2370"]
[BlackElo "2300"]

1.e4 c5 2.Nf3 Nc6 3.Nc3 d6 4.d4 cxd4 5.Nxd4 e5 6.Ndb5 a6 7.Na3 Be6 8.Nc4 Be7
9.Be3 Nf6 10.Nd5 b5 11.Nxe7 Kxe7 12.Nb6 Rb8 13.Nd5+ Bxd5 14.exd5 Na5 15.a4 Re8
16.axb5 axb5 17.Be2 Nc4 18.Bc1 Ra8 19.Rxa8 Qxa8 20.Bxc4 bxc4 21.Bg5 Qb7 22.O-O Qxb2
23.Qe2 Qc3 24.f4 Qd4+ 25.Kh1 e4 26.Rd1 Qc3 27.f5 Kf8 28.Bf4 Rd8 29.h3 h6
30.Qf2 Qa5 31.Qd4 Qc7 32.Bxh6 Nh5 33.Bg5 Re8 34.Qf2 Re5 35.Ra1 e3 36.Ra8+ Re8
37.Rxe8+ Kxe8 38.Qxe3+ Kf8 39.Qd4 Ng3+ 40.Kh2 Nxf5 41.Qe4 g6 42.Bf6 Qc5 43.Bg5 Qf2
44.Bf4 c3 45.Qb4 Qc5  1/2-1/2

[Event "Elista ol (Men)"]
[Site "Elista"]
[Date "1998.10.11"]
[Round "12"]
[White "Reefat bin Satter"]
[Black "Mossong, Hubert"]
[Result "1-0"]
[WhiteElo "2350"]
[BlackElo "2300"]

1.e4 c5 2.Nf3 Nc6 3.Nc3 e5 4.Bc4 d6 5.d3 Be7 6.Nd2 Nf6 7.Nf1 Be6 8.Ne3 O-O
9.O-O Nd4 10.a3 Rb8 11.Ncd5 Bxd5 12.Nxd5 Nxd5 13.Bxd5 Bg5 14.f4 exf4 15.Bxf4 Bxf4
16.Rxf4 Qg5 17.Rf2 Kh8 18.c3 Ne6 19.Qe2 Qe7 20.Raf1 f6 21.Qg4 Rbe8 22.Rf3 b6
23.Rh3 h6 24.Rg3 Nc7 25.Ba2 Rd8 26.Qh5 Rfe8 27.Bf7 Rf8 28.Rxg7  1-0

[Event "NRW Sportland Cup Masters"]
[Site "Senden"]
[Date "1998.10.11"]
[Round "4"]
[White "Souleidis, Georgios"]
[Black "Sax, Gyula"]
[Result "1-0"]
[WhiteElo "2345"]
[BlackElo "2525"]

1.e4 c5 2.Nf3 Nc6 3.Nc3 d6 4.g3 g6 5.Bg2 Bg7 6.O-O Rb8 7.d3 b5 8.Nh4 b4 9.Ne2 Nd4
10.Nxd4 Bxd4 11.Kh1 e6 12.f4 Ne7 13.Qe1 Bf6 14.f5 Ng8 15.fxe6 Bxe6 16.a3 a5
17.axb4 axb4 18.Nf3 Kf8 19.e5 dxe5 20.Nxe5 Bd5 21.Nc6 Bxc6 22.Bxc6 Kg7 23.Qf2 Qe7
24.Be3 Qe6 25.Be4 Bxb2 26.Ra6 Qe8 27.Bxc5 h5 28.Ra7 Nh6 29.Re7 Qg8 30.Be3 Rf8
31.h3 Bc3 32.d4 Kh7 33.Qf3 Qg7 34.Qxh5 Kg8 35.Qf3 Rh7 36.d5 Kh8 37.d6 Ng8
38.Rb7 Rxh3+  1-0

[Event "NRW Sportland Cup Masters"]
[Site "Senden"]
[Date "1998.10.12"]
[Round "5"]
[White "Gipslis, Aivars"]
[Black "Souleidis, Georgios"]
[Result "1/2-1/2"]
[WhiteElo "2450"]
[BlackElo "2345"]

1.e4 c5 2.Nf3 Nc6 3.Nc3 e6 4.Bb5 Nge7 5.O-O a6 6.Bxc6 Nxc6 7.d4 cxd4 8.Nxd4 d6
9.Re1 Be7 10.Nxc6 bxc6 11.Qg4 Kf8 12.b3 h5 13.Qg3 h4 14.Qd3 c5 15.Bf4 g5
16.Be3 Bb7 17.Rad1 Qb6  1/2-1/2

[Event "Andres Clemente Vazquez mem"]
[Site "Guiines"]
[Date "1998.10.14"]
[Round "2"]
[White "Gonzalez, Renier"]
[Black "Lopez, Carlos Manuel"]
[Result "1-0"]
[WhiteElo "2385"]
[BlackElo "2285"]

1.e4 c5 2.Nf3 Nc6 3.Nc3 g6 4.d4 cxd4 5.Nxd4 Bg7 6.Be3 Nf6 7.Bc4 Qa5 8.O-O O-O
9.Bb3 d6 10.h3 Bd7 11.f4 Qh5 12.Qxh5 Nxh5 13.Rad1 Rac8 14.Nde2 Be6 15.f5 Bxb3
16.axb3 Nf6 17.g4 Rfe8 18.g5 Nh5 19.Kg2 Nb4 20.Rd2 a6 21.Bd4 b5 22.Bxg7 Kxg7
23.Nd4 Nc6 24.Nxc6 Rxc6 25.Nd5 f6 26.h4 e6 27.Nxf6 Nxf6 28.gxf6+ Kxf6 29.fxg6+ Ke5
30.gxh7 Rc7 31.Kh3 Rxh7 32.Rg1 Reh8 33.Rg4 Rh5 34.Kg3 R5h6 35.Rg5+ Kf6 36.Rf2+ Ke7
37.Rg7+ Ke8 38.Rff7 Rxh4 39.Ra7 Rh3+ 40.Kf2 Rh2+ 41.Ke1 Rh1+ 42.Kd2  1-0

[Event "NRW Sportland Cup Masters"]
[Site "Senden"]
[Date "1998.10.15"]
[Round "8"]
[White "Souleidis, Georgios"]
[Black "Thiel, Thomas"]
[Result "1-0"]
[WhiteElo "2345"]
[BlackElo "2310"]

1.e4 c5 2.Nf3 Nc6 3.Nc3 d6 4.d4 cxd4 5.Nxd4 Nf6 6.Bc4 Na5 7.Bd3 g6 8.b3 Bg7
9.Bb2 O-O 10.O-O Bd7 11.Nd5 Rc8 12.Qd2 a6 13.c4 e6 14.Nxf6+ Bxf6 15.Rad1 Nc6
16.Nf3 Ne5 17.Nxe5 Bxe5 18.Ba3 Qh4 19.g3 Qh3 20.Bb1 Bc6 21.f4 Bf6 22.Qg2 Qh5
23.Qf3 Qa5 24.Bxd6 Rfd8 25.Qe3 Bc3 26.a3 e5 27.fxe5 Bb2 28.b4 Qxa3 29.Qf4 Rd7
30.b5  1-0

[Event "BL2-O9899"]
[Site "Germany"]
[Date "1998.10.18"]
[Round "1.1"]
[White "Jansa, Vlastimil"]
[Black "Womacka, Mathias"]
[Result "1/2-1/2"]
[WhiteElo "2490"]
[BlackElo "2475"]

1.e4 c5 2.Nc3 Nc6 3.Nge2 e5 4.Nd5 Nce7 5.Nec3 Nxd5 6.Nxd5 Nf6 7.Bc4 Be7 8.d3 d6
9.O-O O-O 10.Nxe7+ Qxe7 11.f4 exf4 12.Bxf4 Ng4 13.Qf3 Be6 14.Qg3 Rad8 15.Bb3 a6
16.Rad1  1/2-1/2